| 000 | 00403nam a2200169Ia 4500 | ||
|---|---|---|---|
| 008 | 230524s9999 xx 000 0 und d | ||
| 020 | _a9788189929438 | ||
| 082 |
_a530 _bRAJ |
||
| 100 | _aR.K.Rajput | ||
| 245 | 0 | _aEngineering Mechanics | |
| 250 | _a3 | ||
| 260 |
_aNew Delhi _bDhanpat Rai _c2014 |
||
| 300 | _a"XV,1.1-1.3p;" | ||
| 500 | _aQuantity Number: 1 | ||
| 650 | _aMechanics | ||
| 942 | _cBK | ||
| 999 |
_c57635 _d57635 |
||